| 000 | 01898nam0a2200397 4500 | ||
|---|---|---|---|
| 001 | RU\NLR\bibl\131997 | ||
| 005 | 20260607064816.0 | ||
| 010 |
_a5-7107-3096-3 _920000 |
||
| 021 |
_aRU _b2000-45427 _92095 |
||
| 035 | _a(NLR Aleph) 000129290 | ||
| 090 |
_a738020 _c738020 |
||
| 100 | _a20010126d2000 |||y0rusy50 ca | ||
| 101 | 0 | _arus | |
| 102 | _aRU | ||
| 105 | _aa ||||||||| | ||
| 200 | 1 |
_aОценка качества подготовки выпускников основной школы по математике _e[Сб. _fГ. В. Дорофеев , Л.В. Кузнецова, Г.М. Кузнецова и др.] _gМ-во образования Рос. Федерации |
|
| 210 |
_aМ. _cДрофа _d2000 |
||
| 215 |
_a76, [1] с. _cил. _d20 |
||
| 606 | 0 |
_aМатематика _xЗнания _xОценка _xСредняя школа _92184438 _3RU\NLR\auth\661313406 |
|
| 610 | 0 | _aМатематика - Успеваемость учащихся - Проверка | |
| 675 |
_a372.851.046.14 _v3 _zrus |
||
| 686 |
_a14 _2rugasnti |
||
| 686 |
_a74.262.21 _2rubbk |
||
| 686 | _aЧ426.24-28 | ||
| 701 | 1 |
_4570 _7ca _8rus _aДорофеев _bГ. В. _f1938-2008 _gГеоргий Владимирович _9112221 _3RU\NLR\AUTH\772205 |
|
| 701 | 1 |
_4070 _7ca _8rus _aКузнецова _bЛ. В. _cматематик _gЛюдмила Викторовна _99334 _3RU\NLR\auth\7726291 |
|
| 701 | 1 |
_4070 _7ca _8rus _aКузнецова _bГ. М. _cпедагог, математика _gГалина Михайловна _9186469 _3RU\NLR\AUTH\770186520 |
|
| 712 | 0 | 1 |
_4570 _aРоссийская Федерация _bМинистерство образования _9280683 _3RU\NLR\AUTH\884572 |
| 801 | 0 |
_aRU _bRKP _c20010126 _gPSBO |
|
| 801 | 1 |
_aRU _bRKP _c20010126 |
|
| 801 | 2 |
_aRU _bNLR _c20050620 _grcr |
|
| 852 |
_aNLR _j2001-4/406 |
||
| 942 | _cBOOK | ||
| 980 | _aNB | ||